Jealousy, Jealousy lyrics - Olivia Rodrigo - Statistics

General Stats
  • This quiz has been taken 196 times
  • The average score is 242 of 302
Answer Stats
Answer % Correct
I
100%
a
96%
be
96%
to
95%
my
94%
is
92%
jealousy
92%
know
92%
all
91%
so
91%
the
91%
and
90%
go
90%
of
90%
too
90%
win
90%
co
89%
don't
89%
see
89%
me
88%
I'm
87%
i'm
87%
rather
87%
sick
87%
myself
86%
car
85%
then
85%
wanna
85%
anyone
84%
but
84%
else
84%
else)
84%
it
83%
much
83%
not
82%
perfect
81%
think
81%
who
81%
are
80%
every
80%
killin
80%
slowly
80%
cause
79%
kids
79%
you
78%
across
77%
cool
77%
good
77%
paper
77%
phone
77%
room
77%
true
77%
girls
76%
kinda
76%
white
76%
beauty
75%
bodies
75%
bout
75%
that
75%
with
75%
can't
74%
teeth
74%
comparison
73%
followin
73%
happy
73%
i'd
73%
pretty
73%
throw
73%
yeah
72%
oh
71%
boyfriend
70%
didn't
70%
friends
70%
night
70%
started
70%
your
69%
care
68%
on
68%
wish
68%
face
67%
in
67%
let
67%
bad
66%
even
66%
out
66%
daddy's
65%
want
65%
lack
64%
life
64%
like
64%
livin
64%
nice
64%
for
63%
got
63%
back
62%
should
62%
what
62%
feels
61%
them
60%
you're
60%
gettin
58%
vacation
58%
weight
58%
just
57%
things
57%
again
56%
clothes
56%
it's
56%
photos
56%
vintage
56%
everyone
51%
god
49%
stand
48%
crazy
47%
their
46%
sound
44%
caught
43%
help
43%
loss
43%
losin
39%
up
39%
get's
24%
(anybody
13%
he-he-he-he-he
11%
oh-oh-oh
8%
No matching quizzes found
Score Distribution
Percent of People with Each Score
Percentile by Number Answered
Your Score History
You have not taken this quiz